书目信息 |
| 题名: |
中国特色社区建设
|
|
| 作者: | 陈伟东 主编 | |
| 分册: | ||
| 出版信息: | 北京 中国社会出版社 2013 |
|
| 页数: | 239页 | |
| 开本: | 23cm | |
| 丛书名: | 中国特色社区建设理论与实践创新丛书 | |
| 单 册: | ||
| 中图分类: | D669.3 | |
| 科图分类: | ||
| 主题词: | 社区建设--经验--苏州 , 社区建设 | |
| 电子资源: | ||
| ISBN: | 978-7-5087-4456-8 | |
| 000 | 01218nam0 22002891 450 | |
| 001 | 523 | |
| 005 | 20140905101006.62 | |
| 010 | @a978-7-5087-4456-8@dCNY48.00 | |
| 100 | @a20140106d2013 em y0chiy50 ea | |
| 101 | 0 | @achi |
| 102 | @aCN@b110000 | |
| 105 | @aa z 000yy | |
| 106 | @ar | |
| 200 | 1 | @a中国特色社区建设@AZhong Guo Te Se She Qu Jian She@e苏州工业园区经验@ESu Zhou Gong Ye Yuan Qu Jing Yan@f陈伟东主编 @FChen Wei Dong Zhu Bian |
| 210 | @a北京@c中国社会出版社@d2013 | |
| 215 | @a239页@c照片@d23cm | |
| 225 | 2 | @a中国特色社区建设理论与实践创新丛书@f窦玉沛 |
| 314 | @a版权页题:陈伟东主编 | |
| 330 | @a本书主要介绍苏州工业园区社区建设工作模式和创新。这一模式可以概括为“三体互构”模式——以社区建设为路径,通过政府主体性、企业主体性、社会主体性的相互建构,来建立精简效能的基层行政体制、充满活力的社区自治机制、融入社区的企业社会责任机制、功能完善的社区服务体系。 | |
| 461 | 0 | @12001 @a中国特色社区建设理论与实践创新丛书 |
| 517 | 1 | @a苏州工业园区经验@ASu Zhou Gong Ye Yuan Qu Jing Yan |
| 606 | 0 | @a社区建设@x经验@y苏州 |
| 606 | 0 | @a社区建设 |
| 690 | @aD669.3@v5 | |
| 701 | 0 | @a陈伟东@AChen Wei Dong@f(1964~)@4主编 |
| 801 | 0 | @aCN@bTANGWEI@c20140603 |
| 905 | @b0837195-97@dD669.3@e143@f3 | |
| 中国特色社区建设:苏州工业园区经验/陈伟东主编 .-北京:中国社会出版社,2013 |
| 239页:照片;23cm.-(中国特色社区建设理论与实践创新丛书/窦玉沛) |
| ISBN 978-7-5087-4456-8:CNY48.00 |
| 本书主要介绍苏州工业园区社区建设工作模式和创新。这一模式可以概括为“三体互构”模式——以社区建设为路径,通过政府主体性、企业主体性、社会主体性的相互建构,来建立精简效能的基层行政体制、充满活力的社区自治机制、融入社区的企业社会责任机制、功能完善的社区服务体系。 |
| ● |
| 相关链接 |
|
|
|
|
正题名:中国特色社区建设
索取号:D669.3/143
 
预约/预借
| 序号 | 登录号 | 条形码 | 馆藏地/架位号 | 状态 | 备注 |
| 1 | 0837195 | 208371956 | 第一样本阅览室/ [索取号:D669.3/143] | 在馆 | |
| 2 | 0837196 | 208371965 | 第一借阅区/ [索取号:D669.3/143] | 在馆 | |
| 3 | 0837197 | 208371974 | 密集书库-史法系/ [索取号:D669.3/143] | 在馆 |